000 00572nam a2200193 4500
001 117874
003 ES-MaACL
007 t|
008 070214s1983 sp r ||||1| spa d
100 1 _aPapp, Desiderio.
_988881
245 1 0 _aDarwin
_b: la aventura de un espíritu /
_cDesiderio Papp ; prólogo de Juan Riera.
260 _aMadrid :
_bEspasa-Calpe,
_c1983.
300 _a276 p. ;
_c18 cm.
490 1 _aColección austral
700 1 _aRiera, Juan.
_997108
830 0 _aColección austral
_9177655
852 _aES-MaACL
_jL-4728
_bR.105350
999 _c117874
_d117874